| 000 | 00514nam a2200169 a 4500 | ||
|---|---|---|---|
| 005 | 20140412111242.0 | ||
| 008 | 010904s19uu xx 00 eng d | ||
| 020 | _a1-85758-719-7 | ||
| 050 |
_aTR(GS 372.634 _bH316 1998 |
||
| 100 | _aHarris, Sarah | ||
| 245 |
_aWriting skills, ages 5-6 / _cSarah Harris and Frances Asti. |
||
| 260 |
_aLondon : _bLetts Educational, _c1998. |
||
| 300 | _a40 p. ; ill. | ||
| 440 | _aLetts Key Stage I Writing ages 5-6 | ||
| 650 |
_aWriting _xJuvenile literature |
||
| 999 |
_c102806 _d102806 |
||